Central Library OPAC University of Rajshahi

Optical transforms : (Record no. 11427)

MARC details
000 -LEADER
fixed length control field 00987nam a22003011 4500
001 - CONTROL NUMBER
control field 11427
003 - CONTROL NUMBER IDENTIFIER
rucl marc code BD-RjUL
005 - DATE AND TIME OF LATEST TRANSACTION
control field 20211208235126.0
008 - FIXED-LENGTH DATA ELEMENTS--GENERAL INFORMATION
fixed length control field 140126s1964 enkaf b 001 0 eng
035 ## - SYSTEM CONTROL NUMBER
System control number 11476
System control number (OCoLC)02187377
System control number GLIS00356160
040 ## - CATALOGING SOURCE
Original cataloging agency DLC/ICU
Transcribing agency CGU
Modifying agency m.c.
-- BD-RjUL
Language of cataloging eng
041 ## - LANGUAGE CODE
Language code of text/sound track or separate title eng
082 ## - DEWEY DECIMAL CLASSIFICATION NUMBER
Classification number 621.36
Author mark and year TAO 1964
090 ## - LOCALLY ASSIGNED LC-TYPE CALL NUMBER (OCLC); LOCAL CALL NUMBER (OCLC)
Classification number (OCLC) (R) ; Classification number, CALL (RLIN) (NR) QC482
Local cutter number (OCLC) ; Book number/undivided call number, CALL (RLIN) .T289
099 ## - LOCAL FREE-TEXT CALL NUMBER (OCLC)
Bangla Class number QC482.T289
100 1# - MAIN ENTRY--PERSONAL NAME
Personal name Taylor, C. A.
Dates associated with a name 1922-2002.
9 (RLIN) 35323
245 10 - TITLE STATEMENT
Title Optical transforms :
Remainder of title their preparation and application to X-ray diffraction problems /
Statement of responsibility, etc. by C.A. Taylor and H. Lipson.
260 ## - PUBLICATION, DISTRIBUTION, ETC. (IMPRINT)
Place of publication, distribution, etc. Ithaca, N.Y. :
Name of publisher, distributor, etc. Cornell University Press,
Date of publication, distribution, etc. 1964.
300 ## - PHYSICAL DESCRIPTION
Pagination x, 182 p. :
Illustrations illus., 54 plates. ;
Size 23 cm.
504 ## - BIBLIOGRAPHY, ETC. NOTE
Bibliography, etc Includes index and bibliography.
650 #0 - SUBJECT ADDED ENTRY--TOPICAL TERM
Topical term or geographic name as entry element Diffraction.
9 (RLIN) 35324
Topical term or geographic name as entry element Optical instruments
General subdivision Design and construction.
9 (RLIN) 35325
700 1# - ADDED ENTRY--PERSONAL NAME
Personal name Lipson, H.
Fuller form of name (Henry),
Dates associated with a name 1910-
942 ## - ADDED ENTRY ELEMENTS (KOHA)
Source of classification or shelving scheme Dewey Decimal Classification
Koha item type Books
Holdings
Lost status Source of classification or shelving scheme Damaged status Not for loan Collection code Permanent Location Current Location Shelving location Date acquired Source of acquisition Cost, normal purchase price Total Checkouts Full call number Date last seen Copy number Koha item type
  Dewey Decimal Classification     Non-fiction Central Library, University of Rajshahi Central Library, University of Rajshahi Reading Room 25/04/1968 Zeitlinger 45.00   621.36 TAO 1964 26/01/2014 C-4 Books